Guess the Footballers by their Teams #15 - Statistics

General Stats
  • This quiz has been taken 207 times
  • The average score is 7 of 10
Answer Stats
Hint Answer % Correct
1996-2014. Barcelona C, Barcelona B, Barcelona, Spain. Carles Puyol
96%
1969-1990. Celtic, Liverpool, Scotland. Kenny Dalglish
85%
2006-. Ajax, RKC (loan), Tottenham Hotspur, Benfica, Belgium. Jan Vertonghen
77%
2000-2016. Red Star Belgrade, Spartak Subotica (loan), Spartak Moscow, Manchester United, Inter Milan, Serbia. Nemanja Vidic
77%
1992-2011. Manchester United, England. Gary Neville
72%
1992-2014. Talleres, Banfield, Inter Milan, Argentina. Javier Zanetti
69%
2008-. Tooting & Mitcham United, Reading, Tooting & Mitcham United (loan), Cheltenham Town (loan), Southampton (loan), Colchester United (loan), Sheffield Wednesday (loan), Nottingham Forest, West Ham United, Jamaica. Michail Antonio
66%
1989-2008. Sao Paulo, Zaragoza, Juventude, Palmeiras, Roma, AC Milan, Brazil. Cafu
64%
2010-. Napoli, Cavese (loan), Foggia (loan), Pescara (loan), Italy. Lorenzo Insigne
53%
1985-2001. Nantes, Marseille, Bordeaux (loan), Juventus, Chelsea, Valencia, France. Didier Deschamps
36%
No matching quizzes found
Score Distribution
Percent of People with Each Score
Percentile by Number Answered
Your Score History
You have not taken this quiz